01017nam a2200277 a 450000100060000000300080000600500170001400800410003103500190007204000270009104100080011808200240012610000360015024500370018625000100022326000350023330000240026849000360029250400220032865000340035083000440038494200120042899900170044095201430045795201390060046240BD-RjUL20211209054127.0160801s1950 nyu b 000 0 eng d a(BD-RjUL)46358 aCSUcCSUdBD-RjULbeng aeng a370.1223bBRM 19501 aBrubacher, John Seiler,914123610aModern philosophies of education a2d ed aNew York :bMcGraw-Hill,c1950 axi, 349 p. ;c24 cm aMcGraw-Hill series in education aIncludes Includes 0aEducationxPhilosophy9117134 0aMcGraw-Hill series in education9132903 2ddccBK c46240d46240 00102ddc40708NFICaRUCLbRUCLcStackd1956-02-02eallies book corpg26.00l0o370.1 BRM 1950r2016-08-01 00:00:00tC-2w2016-08-01yBK 00102ddc40718NFICaRUCLbRUCLcReadingd1955-10-05eFarcos.Pubg25.00l0o370.1 BRM 1950r2017-01-17 00:00:00tC-1w2017-01-17yBK